Normal view MARC view
  • Radke, Richard J.,

Entry Personal Name

Number of records used in: 1

001 - CONTROL NUMBER

  • control field: 39047

003 - CONTROL NUMBER IDENTIFIER

  • control field: OSt

005 - DATE AND TIME OF LATEST TRANSACTION

  • control field: 20160113145117.0

008 - FIXED-LENGTH DATA ELEMENTS

  • fixed length control field: 160113|| aca||aabn | a|a d

040 ## - CATALOGING SOURCE

  • Original cataloging agency: OSt

100 1# - HEADING--PERSONAL NAME

  • Personal name: Radke, Richard J.,
  • Dates associated with a name: 1974-